| 000 | 01289naa a2200289 c 4500 | ||
|---|---|---|---|
| 001 | 49493 | ||
| 999 |
_c49493 _d49493 |
||
| 003 | ES-MaCES | ||
| 005 | 20170530121643.0 | ||
| 008 | 170530s2017 sp ||||| t||||||| ||spa d | ||
| 040 |
_aES-MaCES _bspa _cES-MaCES _dES-MaCES |
||
| 100 | 1 |
_938235 _aCastro Vadillo, Nelly Julia |
|
| 245 | 1 | 0 |
_aAnálisis de la gestión de la dependencia en España según el enfoque pluralista del estado del bienestar _cNelly Julia Castro Vadillo, María de la O Barroso González, David Flores Ruiz |
| 500 | _aResumen | ||
| 610 | 1 | 4 |
_93034 _aEspaña _d2006 _tLey de promoción de la autonomía personal y atención a las personas en situación de dependencia |
| 650 | 4 |
_927029 _apolítica social |
|
| 650 | 4 |
_930591 _aestrategia de gestión |
|
| 650 | 4 |
_928689 _apersona con discapacidad |
|
| 650 | 4 |
_927063 _acuidado a las personas con discapacidad |
|
| 650 | 4 |
_929481 _aEstado-Benefactor |
|
| 650 | 4 |
_929076 _aprotección social |
|
| 653 | 1 | 0 | _aAsuntos Sociales |
| 700 | 1 |
_97198 _aBarroso González, María de la O |
|
| 700 | 1 |
_912199 _aFlores Ruiz, David |
|
| 773 | 0 |
_986064 _dMadrid (Fuencarral, 127, 28010) Fundación Sistema _o088962 _tSistema _w(ES-MaCES)25730 _gn. 246 (abr. 2017) {10278 R. 088962} ;p. 97-118 |
|
| 902 | _aART Artículo de revista | ||
| 942 |
_2CES _cAR _h3.3. |
||